| 000 | 00727nam a2200229Ia 4500 | ||
|---|---|---|---|
| 003 | OSt | ||
| 005 | 20250910115501.0 | ||
| 008 | 210716s2011 xx 000 0 und d | ||
| 020 | _a8120312570 | ||
| 040 | _cAIMIT LIBRARY | ||
| 041 | _aeng | ||
| 082 |
_a005.741 _bPRAC |
||
| 100 |
_aPrabhu, C S R. _9238477 |
||
| 245 |
_aObject oriented database systems: _bapproaches and architectures / _cBy C.S.R Prabhu. |
||
| 250 | _a1st ed. | ||
| 260 |
_aNew Delhi : _bPHI Learning Pvt Ltd , _c2011. |
||
| 300 |
_axiii,197 p.; _bPB _c25 cm. |
||
| 650 |
_aSemantic database models and systems _9238478 |
||
| 650 |
_aRelational extensions _9238479 |
||
| 650 |
_aObject relational systems _9238480 |
||
| 942 |
_2ddc _cBK _e1st _k005.741 PRAC |
||
| 999 |
_c183485 _d183485 |
||